Mystery XI #16 - Statistics

General Stats
  • This quiz has been taken 77 times
  • The average score is 5 of 11
Answer Stats
Answer % Correct
Pau Lopez
77%
Dimitri Payet
73%
Cedric Bakambu
62%
Duje Caleta-Car
62%
Amine Harit
52%
Matteo Guendouzi
41%
Pol Lirola
38%
Boubacar Kamara
34%
Gerson
32%
William Saliba
28%
Luan Peres
18%
No matching quizzes found
Score Distribution
Percent of People with Each Score
Percentile by Number Answered
Your Score History
You have not taken this quiz